banner-ar

SHE STOOPS TO CONQUER / (Record no. 18174)

MARC details
000 -الفاتح
حقل البيانات ثابتة الطول 00498nam a2200205Ia 4500
008 - عناصر البيانات ثابتة الطول - معلومات عامة
حقل البيانات ثابتة الطول 140319s9999 xx 000 0 eng d
040 ## - مصدر الفهرسة
وكالة الفهرسة الأصلية GCL /
وكالة النسخ GCL
082 04 - رقم تصنيف ديوى العشرى
رقم التصنيف 822
رقم المادة G S
100 1# - المدخل الرئيسى - إسم شخصى
الإسم الشخصى GOLDSMITH, OLIVER
245 10 - بيان العنوان
العنوان SHE STOOPS TO CONQUER /
بيان المسئوليه,etc GOLDSMITH, OLIVER
300 ## - الوصف المادى
التعداد 141 PP
650 04 - المدخل الاضافى بالموضوع-مصطلح موضوعى
مصطلح موضوعي ENGLISH LITERATURE
650 04 - المدخل الاضافى بالموضوع-مصطلح موضوعى
مصطلح موضوعي THEATER
650 04 - المدخل الاضافى بالموضوع-مصطلح موضوعى
مصطلح موضوعي ENGLISH FICTION
650 04 - المدخل الاضافى بالموضوع-مصطلح موضوعى
مصطلح موضوعي DRAMA
650 04 - المدخل الاضافى بالموضوع-مصطلح موضوعى
مصطلح موضوعي ENGLISH DRAMA
942 ## - عناصر المدخل الإضافي( كوها)
مصدر التصنيف او مخطط الترفيف Dewey Decimal Classification
Koha [default] item type كتاب
260 ## - PUBLICATION, DISTRIBUTION, ETC. (IMPRINT)
-- [S.N] :
-- YORK PRESS
Holdings
حالة التراجع حالة الفقد حالة تلف ليس للاعارة المكان المؤقت الموقع الحالى تاريخ الاكتساب اجمالي اﻻعارات رقم الطلب الباركود تاريخ اخر مشاهدة تاريخ تفعيل السعر نوع وعاء كوها
        مكتبة القاهرة الكبرى مكتبة القاهرة الكبرى 03/26/2014   822\G S 33238 03/26/2014 03/26/2014 كتاب
        مكتبة القاهرة الكبرى مكتبة القاهرة الكبرى 03/26/2014   822\G S 33239 03/26/2014 03/26/2014 كتاب

Powered By

EGPV